| 000 | 00850nam1a22002531 4500 | ||
|---|---|---|---|
| 001 | v19\rc\1597643 | ||
| 005 | 20070412161821.6 | ||
| 035 | _a(NLR Aleph) 005217057 | ||
| 090 |
_a5467745 _c5467745 |
||
| 100 | _a20061002d1895 |||y0rusy50 ca | ||
| 101 | 0 | _arus | |
| 102 | _aRU | ||
| 105 | _ay z ||||| | ||
| 200 | 1 |
_aО дифференциальном уравнении dy/dx=1+R(x)/y _f[Соч.] Н.Я. Сонина. Ст. [1]-2 |
|
| 210 |
_aСанкт-Петербург _cтип. Акад. наук _d1895 |
||
| 215 |
_a2 отт. _d31 |
||
| 700 | 1 |
_aСонин _bН. Я. _f1849-1915 _gНиколай Яковлевич |
|
| 801 | 0 |
_aRU _bNLR _c20061002 _gpsbo |
|
| 801 | 0 |
_aRU _bRuMoRGB _c20061002 _2psbo |
|
| 801 | 1 |
_aRU _bProSoft-M _c20061002 _2rusmarc |
|
| 801 | 2 |
_aRU _bNLR _c20070412 _2rusmarc |
|
| 852 |
_aNLR _j18.181.1.277 |
||
| 942 | _cBOOK | ||
| 980 | _aNB | ||